000
00331nam a22001457a 4500
005
20250724114700.0
041
_a
ENG
100
_a
Srivastava
245
_a
A Technology And Applications Of Biogas
260
_a
New Delhi
_b
Jain Brothers
_c
1993
300
_a
121
650
_a
EOES
700
_a
Shukla
856
_u
EOES ( 12 )
999
_c
1254
_d
1254